Catholic University of Zimbabwe Library
Online Public Access Catalogue
(OPAC)

Carolingians (Record no. 11456)

MARC details
000 -LEADER
fixed length control field 00490 a2200133 4500
020 ## - INTERNATIONAL STANDARD BOOK NUMBER
International Standard Book Number 0812230620 (cloth :
005 - DATE AND TIME OF LATEST TRANSACTION
control field 20191017174319.0
084 ## - OTHER CLASSIFICATION NUMBER
Classification number DC70 .R5313 1993
245 ## - TITLE STATEMENT
Title Carolingians
Remainder of title : a family who forged Europe
Medium print
260 ## - PUBLICATION, DISTRIBUTION, ETC.
Place of publication, distribution, etc. pau
Name of publisher, distributor, etc. University of Pennsylvania Press
Date of publication, distribution, etc. c1993
300 ## - PHYSICAL DESCRIPTION
Extent xix, 398 p. : ill., map
Other physical details 24 cm.
Dimensions xix, 398 p. : ill., map ; 24 cm.
490 ## - SERIES STATEMENT
Series statement Middle Ages series
500 ## - GENERAL NOTE
General note Pierre Riché ; translated from the French by Michael Idomir Allen.
700 ## - ADDED ENTRY--PERSONAL NAME
Personal name Riché, Pierre.

No items available.

OPENING HOURS

Weekdays: 0815hrs - 1800hrs
Weekends:0900hrs - 1200hrs

Closed for Mass:

Mon, Thur: 1200hrs - 1300hrs
Sunday & Public Holiday’s

CALL SUPPORT

0242-570570, 0242-570169
09200664, +263 8644140602

LOCATION

18443, Cranborne Avenue, Hatfield, Harare

Other Links


©2021 | CUZ Library